|
|
|
|
| LEADER |
01448nam a2200409 a 4500 |
| 001 |
000566304 |
| 003 |
CZ BrMZK |
| 005 |
20070110094409.0 |
| 007 |
ta |
| 008 |
000115s2001 xr e c cze d |
| 015 |
|
|
|a cnb001007209
|
| 020 |
|
|
|a 80-85394-36-7
|
| 035 |
|
|
|a (OCoLC)50340302
|
| 040 |
|
|
|a BOA001
|b cze
|
| 041 |
1 |
|
|a cze
|a eng
|
| 043 |
|
|
|a e-xr---
|b e-xr-pg
|2 czenas
|
| 072 |
|
7 |
|a 623
|x Vojenská technika
|2 Konspekt
|9 19
|
| 080 |
|
|
|a 061.2
|2 MRF
|
| 080 |
|
|
|a 623.593:75.05
|2 MRF
|
| 080 |
|
|
|a 355.211.3
|2 MRF
|
| 080 |
|
|
|a (437.311)
|2 MRF
|
| 080 |
|
|
|a (083.824)
|2 MRF
|
| 100 |
1 |
|
|a Assmann, Jan Nepomuk,
|d 1956-2013
|7 jn20000400038
|4 aut
|
| 245 |
1 |
0 |
|a Terče pražských ostrostřelců :
|b [katalog výstavy] /
|c Jan Nepomuk Assmann
|
| 260 |
|
|
|a Praha :
|b Muzeum hlavního města Prahy,
|c 2001
|
| 300 |
|
|
|a 31 s. :
|b barev. il. ;
|c 20 cm
|
| 500 |
|
|
|a Text též anglicky
|
| 504 |
|
|
|a Bibliografie na s. 10
|
| 650 |
0 |
7 |
|a spolky
|7 ph125936
|z Česko
|2 czenas
|
| 650 |
0 |
7 |
|a malované terče
|7 ph119375
|z Česko
|2 czenas
|
| 650 |
0 |
7 |
|a městští střelci
|7 ph123113
|z Česko
|2 czenas
|
| 655 |
|
7 |
|a katalogy výstav
|7 fd132536
|2 czenas
|
| 610 |
2 |
7 |
|a C.k. Pražský měšťanský privilegovaný ostrostřelecký sbor
|7 kn20020322353
|2 czenas
|
| 651 |
|
7 |
|a Praha (Česko)
|7 ge118011
|2 czenas
|
| 910 |
|
|
|a BOA001
|b 2-1087.934
|
| 990 |
|
|
|a BK
|
| 996 |
6 |
|
|b 2610138567
|c 2-1087.934
|l MZK
|r Sklad / do 1 hodiny
|n 3
|p p.v.
|w 000566304
|u 000010
|a 1
|e BOA001
|j MZK50
|s P
|